000
00331nam a2200133Ia 4500
008
191201s2004 xx 000 0 und d
082
_a
658.4
_b
HOC
100
_a
HORVARD BUSINESS REVIEW
245
0
_a
Creating Teams with an Edge
260
_b
Harvard Business School Press
_c
2004
300
_a
172
650
_a
MBA
942
_2
ddc
_c
BK
999
_c
387
_d
387